LEADER 05120nam 2200649 a 450 001 9910462679503321 005 20200520144314.0 010 $a0-7844-7784-1 035 $a(CKB)2670000000417427 035 $a(EBL)3115644 035 $a(SSID)ssj0000916602 035 $a(PQKBManifestationID)11520278 035 $a(PQKBTitleCode)TC0000916602 035 $a(PQKBWorkID)10875310 035 $a(PQKB)11349427 035 $a(MiAaPQ)EBC3115644 035 $a(Au-PeEL)EBL3115644 035 $a(CaPaEBR)ebr10733785 035 $a(OCoLC)853565950 035 $a(EXLCZ)992670000000417427 100 $a20130520d2013 uy 0 101 0 $aeng 135 $aur|n|---||||| 181 $ctxt 182 $cc 183 $acr 200 10$aChile earthquake of 2010 lifeline performance$b[electronic resource] /$fprepared by Earthquake Investigation Committee of the Technical Council of Lifeline Earthquake Engineering ; edited by Alex K. Tang, John M. Eidinger ; sponsored by Technical Council on Lifeline Earthquake Engineering 210 $aReston, Va. $cAmerican Society of Civil Engineers$d2013 215 $a1 online resource (425 p.) 225 1 $aMonograph ;$vno. 36 300 $aDescription based upon print version of record. 311 $a0-7844-1282-0 320 $aIncludes bibliographical references and index. 327 $a""Cover""; ""Contents""; ""Preface""; ""Contributors""; ""Acknowledgements""; ""Acknowledgment of Local Support""; ""1. INTRODUCTION""; ""1.1 Geotechnical Aspects""; ""1.2 Lifelines""; ""1.3 Organization""; ""2. SEISMOLOGY AND GEOTECHNICAL CONSIDERATIONS""; ""2.1 Geologic Aspects""; ""2.2 Geotechnical Engineering Aspects""; ""2.3 Discussion and Recommendations""; ""2.4 Acknowledgements""; ""2.5 References""; ""3. TRANSPORTATION SYSTEMS""; ""3.1 Description of the System""; ""3.2 Overiew of System Performance""; ""3.3 Performance of Highways and Bridges""; ""3.4 Railways"" 327 $a""3.5 Observations and Recommendations""""3.6 Acknowledgements""; ""3.7 References""; ""4. PORTS""; ""4.1 Overview of Ports Performance""; ""4.2 Coronel""; ""4.3 Port of San Vincente""; ""4.4 Port of Lirquen""; ""4.5 Port of Talcahuano""; ""4.6 Navy Port at Molo""; ""4.7 Abastible Pier and Other Independent Offshore Piers in the Concepcion Area""; ""4.8 Major Observations and Recommendations""; ""4.9 Acknowledgements""; ""5. GAS AND LIQUID FUEL""; ""5.1 Description of System""; ""5.2 Refinery Performance""; ""5.3 Crude Oil Pipeline System Performance"" 327 $a""5.4 Liquid Petroleum Gas (LPG) Plant Performance""""5.5 Gas Fuel System Performance""; ""5.6 Major Observations and Recommendations""; ""5.7 Acknowledgments""; ""6. ELECTRIC POWER SYSTEMS""; ""6.1 System Description""; ""6.2 System Characteristics and Response""; ""6.3 Generating Systems""; ""6.4 Transmission System""; ""6.5 Distribution System""; ""6.6 Transmission and Distribution Lines""; ""6.7 Conclusions and Observations""; ""6.8 Acknowledgements""; ""6.9 References""; ""7. TELECOMMUNICATION SYSTEMS""; ""7.1 Description of the System""; ""7.2 Overview of System Performance"" 327 $a""7.3 Cellular Networks""""7.4 Landline Network Including Transmission and Distribution""; ""7.5 General Observations""; ""7.6 Major Observations and Recommendations""; ""7.7 Acknowledgements""; ""8. WATER AND WASTEWATER SYSTEM""; ""8.1 Description of System""; ""8.2 Overview of System Performance""; ""8.3 Damage Sites""; ""8.4 Major Observations and Recommendations""; ""8.5 Acknowledgments""; ""8.6 References""; ""9. AIRPORTS""; ""9.1 Description of Airports""; ""9.2 Overview of System Performance""; ""9.3 Santiago Internatioanl Airport (SCL)"" 327 $a""9.4 ConcepciA?³n International Airport (CCP)""""9.5 Los Angeles Airport (LSQ)""; ""9.6 Observations and Recommendations""; ""9.7 Acknowledgments""; ""10. INFRASTRUCTURE INTERDEPENDENCIES AND RESILIENCE""; ""10.1 Phases of Lifeline System Interdependence""; ""10.2 Lifeline System Restoration Performance""; ""10.3 Quantitative Lifeline Interdependence Analysis""; ""10.4 Research and Practical Challenges""; ""10.5 Conclusions and Recommendations""; ""10.6 Acknowledgements""; ""10.7 References""; ""10.8 Appendix A""; ""11. EMERGENCY RESPONSE, RECOVERY, AND SOCIAL IMPACT"" 327 $a""11.1 Earthquake Culture"" 410 0$aMonograph (American Society of Civil Engineers. Technical Council on Lifeline Earthquake Engineering) ;$vno. 36. 606 $aLifeline earthquake engineering$zChile$xEvaluation 606 $aEarthquake damage$zChile 606 $aChile Earthquake, Chile, 2010 (February 27) 608 $aElectronic books. 615 0$aLifeline earthquake engineering$xEvaluation. 615 0$aEarthquake damage 615 0$aChile Earthquake, Chile, 2010 (February 27) 676 $a624.1/762 701 $aTang$b Alex$0860499 701 $aEidinger$b John M$0901010 801 0$bMiAaPQ 801 1$bMiAaPQ 801 2$bMiAaPQ 906 $aBOOK 912 $a9910462679503321 996 $aChile earthquake of 2010 lifeline performance$92013986 997 $aUNINA LEADER 01469nam a22002893i 4500 001 991001285369707536 005 20021206160801.0 008 021206s1987 it |||||||||||||||||ita 035 $ab12125908-39ule_inst 035 $aARCHE-021570$9ExL 040 $aDip.to Filologia Ling. e Lett.$bita$cA.t.i. Arché s.c.r.l. Pandora Sicilia s.r.l. 082 04$a803.51 245 00$aDizionario Bompiani degli autori di tutti i tempi e di tutte le letterature 246 13$aDizionario Bompiani degli autori 260 $aMilano :$bBompiani,$c1987 300 $a4 v. (2550 p. compless.) ;$c22 cm 500 $aTit. sul dorso: Dizionario Bompiani degli autori 650 4$aLetteratura$xEnciclopedie e dizionari 907 $a.b12125908$b02-04-14$c01-04-03 912 $a991001285369707536 945 $aLE008 FL.M. (IN) O 30$cV. 1$g1$iLE008N-2200$lle008$o-$pE0.00$q-$rl$s- $t0$u0$v0$w0$x0$y.i12440486$z01-04-03 945 $aLE008 FL.M. (IN) O 30/I$cV. 2$g1$iLE008N-2200/I$lle008$o-$pE0.00$q-$rl$s- $t0$u0$v0$w0$x0$y.i12440498$z01-04-03 945 $aLE008 FL.M. (IN) O 30/II$cV. 3$g1$iLE008N-2200/II$lle008$o-$pE0.00$q-$rl$s- $t0$u0$v0$w0$x0$y.i12440504$z01-04-03 945 $aLE008 FL.M. (IN) O30/III$cV. 4$g1$iLE008N-2200/III$lle008$o-$pE0.00$q-$rl$s- $t0$u0$v0$w0$x0$y.i12440516$z01-04-03 996 $aDizionario Bompiani degli autori di tutti i tempi e di tutte le letterature$9148938 997 $aUNISALENTO 998 $ale008$b01-04-03$cm$da $e-$fita$git $h0$i4 LEADER 01021nam a2200241 4500 001 991001603029707536 008 030513|1996 it ||| | ita 035 $ab12170768-39ule_inst 040 $aDip.to di Filol. Class. e di Scienze Filosofiche $bita 084 $aP S 878 100 1 $aCrisci, Edoardo$0439321 245 10$aScrivere greco fuori d'Egitto :$bricerche sui manoscritti greco-orientali di origine non egiziana dal IV secolo a.C. all'VIII d. C. /$cEdoardo Crisci ; premessa di Guglielmo Cavallo 260 $aFirenze :$bgonnelli, $c1996 300 $axii, 249 p., [70] p. di tav. ;$c30 cm. 440 0$aPapyrologica florentina ;$v27 500 $aSenza ISBN 700 1 $aCavallo, Guglielmo 907 $a.b12170768$b21-09-06$c13-05-03 912 $a991001603029707536 945 $aLE007 P S 878$g1$i2007000061640$lle007$o-$pE0.00$q-$rn$so $t0$u0$v0$w0$x0$y.i12512928$z13-05-03 996 $aScrivere greco fuori d'Egitto$973543 997 $aUNISALENTO 998 $ale007$b13-05-03$cm$da $e-$fita$git $h0$i0